Apprendre l’allemand le corps humain - Statistiques

Statistiques générales
  • Ce quiz a été pris 11 fois
  • Le résultat moyen est 14 sur 51
Statistiques - réponses
Français Allemand % Correct
Tête Kopf
100%
Nez Nase
89%
Yeux Auge
78%
Cheveux Haar
78%
Main Hand
78%
Bras Arm
67%
Pied Fuß
67%
Oreilles Ohr
67%
Dents Zahn
67%
Jambe Bein
56%
Coeur Herz
56%
Ventre Bauch
44%
Doigt Finger
44%
Genoux Knie
44%
Bouche Mund
44%
Sang Blut
33%
Poitrine Brust
33%
Visage Gesicht
33%
Lèvres Lippen
33%
Poumon Lunge
33%
Pénis Penis
33%
Dos Rücken
33%
Vagin Vagina
22%
Langue Zunge
22%
Coude Ellenbogen
11%
Cerveau Gehirn
11%
Cou Hals
11%
Peau Haut
11%
Testicules Hoden
11%
Menton Kinn
11%
Foie Leber
11%
Estomac Magen
11%
Muscle Muskel
11%
Ongle Nagel
11%
Rein Niere
11%
Épaules Schulter
11%
Doigt de pied/orteil Zeh
11%
Aisselle Achsel
0%
Sourcils Augenbraune
0%
Nombril Bauchnabel
0%
Gros intestin Dickdarm
0%
Petit intestin Dünndarm
0%
Parties génitales Genitalien
0%
Poignet Handgelenk
0%
Hanche Hüfte
0%
Os Knochen
0%
Rate Milz
0%
Squelette Skelett
0%
Vaisseaux sanguins Vene
0%
Joues Wange
0%
Cils Wimper
0%
Aucun quiz correspondant
Distribution des résultats
% des personnes avec chaque résultat
Percentile par nombre de réponses
Votre historique - résultats
Vous n’avez pas pris ce quiz